00353nam a22001217a 4500020000800000040001600008082001500024100002200039245006600061250001300127260003900140300005200179 qHB. cFIZZA ISHAQ a720.3bHAR a Harris, Cyril M. aDictionary of architecture & construction /cCyril M. Harris. a 4th ed. a New York :b McGraw-Hill, c2006. a xi, 1089 p. : ill. ;c7.7 x 2.56 x 9.4 inches,